|
|
|
|
| LEADER |
00715nab a2200205 i 4500 |
| 001 |
acta24272 |
| 005 |
20210601115220.0 |
| 008 |
161017s1985 hu o 0|| hun d |
| 022 |
|
|
|a 0001-6721
|
| 040 |
|
|
|a SZTE Egyetemi Kiadványok Repozitórium
|b hun
|
| 041 |
|
|
|a hun
|
| 100 |
1 |
|
|a Jaeger N. I.
|
| 245 |
1 |
0 |
|a Aspects of metal and metal complex containing zeolites
|h [elektronikus dokumentum] /
|c Jaeger N. I.
|
| 260 |
|
|
|c 1985
|
| 300 |
|
|
|a 189-205
|
| 490 |
0 |
|
|a Acta physica et chemica
|v 31 No. 1-2
|
| 695 |
|
|
|a Természettudomány, Kémia, Fizika
|
| 700 |
0 |
1 |
|a Plath P. J.
|e aut
|
| 700 |
0 |
2 |
|a Schulz-Ekloff G.
|e aut
|
| 856 |
4 |
0 |
|u http://acta.bibl.u-szeged.hu/24272/1/phys_chem_031_fasc_001_002_189-205.pdf
|z Dokumentum-elérés
|